000 00214nam a22000857a 4500
001 1235275
005 20250930120438.0
245 _aHAREMAĞASININ SIRRI
_cJODE LUIS VELASCO
260 _bGÜNIŞIĞI KİTAPLIĞI YAYINLARI
999 _c1235275
_d1235275